Essentials of materials science and engineering / (Record no. 599043)

000 -LEADER
fixed length control field 00334nam a2200121Ia 4500
008 - FIXED-LENGTH DATA ELEMENTS--GENERAL INFORMATION
fixed length control field 230907s9999||||xx |||||||||||||| ||und||
082 ## - DEWEY DECIMAL CLASSIFICATION NUMBER
Classification number 620.11
Author Mark ASK
100 ## - MAIN ENTRY--PERSONAL NAME
Personal name Askeland, Donald R.
9 (RLIN) 14727
245 #0 - TITLE STATEMENT
Title Essentials of materials science and engineering /
300 ## - PHYSICAL DESCRIPTION
Extent xviii, 677 pages :
650 ## - SUBJECT ADDED ENTRY--TOPICAL TERM
Topical term or geographic name entry element Textbooks.
9 (RLIN) 8511
942 ## - ADDED ENTRY ELEMENTS (KOHA)
Koha item type Book
Holdings
Withdrawn status Lost status Damaged status Not for loan Permanent Location Current Location Date acquired Total Checkouts Full call number Barcode Date last seen Date last checked out Price effective from Koha item type
        US-Pakistan Center for Advanced Studies in Energy (USPCAS-E) US-Pakistan Center for Advanced Studies in Energy (USPCAS-E) 08/16/2019 2 620.11 ASK CAS-E0003142 12/01/2025 12/01/2025 09/12/2023 Book
© 2023 Central Library, National University of Sciences and Technology. All Rights Reserved.